Les personnages de Mortal Kombat - Statistiques

Statistiques générales
  • Ce quiz a été pris 128 fois
  • Le résultat moyen est 41 sur 78
Statistiques - réponses
Réponse % Correct
Mortal Kombat Scorpion
97%
Mortal Kombat Sub-Zero
96%
Mortal Kombat Raiden
95%
Mortal Kombat Liu Kang
94%
Mortal Kombat Reptile
87%
Mortal Kombat Johnny Cage
86%
Mortal Kombat Goro
83%
Mortal Kombat Shang Tsung
83%
Mortal Kombat II Kitana
82%
Mortal Kombat Sonya Blade
82%
Mortal Kombat II Kung Lao
79%
Mortal Kombat II Mileena
79%
Mortal Kombat II Smoke
77%
Mortal Kombat II Jax Briggs
76%
Mortal Kombat II Jade
74%
Mortal Kombat II Shao Kahn
74%
Mortal Kombat Kano
73%
Mortal Kombat 3 Cyrax
72%
Mortal Kombat 3 Sindel
72%
Mortal Kombat II Noob Saibot
71%
Mortal Kombat X Cassie Cage
69%
Ultimate Mortal Kombat 3 Rain
69%
Mortal Kombat 3 Sektor
69%
Ultimate Mortal Kombat 3 Ermac
68%
Mortal Kombat 4 Quan Chi
68%
Mortal Kombat II Baraka
64%
Mortal Kombat X Kotal Kahn
63%
Mortal Kombat 3 Kabal
62%
Mortal Kombat: Deadly Alliance Frost
59%
Mortal Kombat 4 Shinnok
59%
Mortal Kombat 3 Sheeva
58%
Mortal Kombat: Deadly Alliance Kenshi
56%
Mortal Kombat (2011) Skarlet
56%
Mortal Kombat 3 Kurtis Stryker
55%
Mortal Kombat X D'Vorah
54%
Mortal Kombat 3 Nightwolf
53%
Mortal Kombat 4 Fujin
51%
Mortal Kombat 11 Geras
51%
Mortal Kombat 3 Motaro
51%
Mortal Kombat II Kintaro
50%
Mortal Kombat X Kung Jin
49%
Mortal Kombat 11 Cetrion
47%
Mortal Kombat (2011) Cyber Sub Zero
46%
Mortal Kombat 4 Tanya
46%
Mortal Kombat X Erron Black
45%
Mortal Kombat: Deadly Alliance Bo' Rai Cho
44%
Mortal Kombat : Mystification Havik
44%
Mortal Kombat 11 Kollector
44%
Mortal Kombat: Deadly Alliance Nitara
42%
Mortal Kombat X Tremor
42%
Mortal Kombat X Jacqui Briggs
40%
Mortal Kombat: Deadly Alliance Li Mei
40%
Mortal Kombat: Deadly Alliance Mavado
38%
Mortal Kombat X Ferra & Torr
37%
Mortal Kombat Trilogy Khameleon
36%
Mortal Kombat 4 Reiko
36%
Mortal Kombat X Takeda Takahashi
36%
Mortal Kombat : Mystification Darrius
35%
Mortal Kombat X Tri-borg
35%
Mortal Kombat Trilogy Chameleon
31%
Mortal Kombat 4 Meat
31%
Mortal Kombat : Mystification Shujinko
31%
Mortal Kombat : Mystification Ashrah
29%
Mortal Kombat: Deadly Alliance Blaze
29%
Mortal Kombat : Mystification Onaga
28%
Mortal Kombat : Mystification Kira
27%
Mortal Kombat: Tournament Edition Sareena
26%
Mortal Kombat: Armageddon Daegon
24%
Mortal Kombat 4 Kai
24%
Mortal Kombat: Armageddon Taven
24%
Mortal Kombat: Deadly Alliance Hsu Hao
22%
Mortal Kombat 4 Jarek
22%
Mortal Kombat: Deadly Alliance Moloch
22%
Mortal Kombat : Mystification Hotaru
21%
Mortal Kombat : Mystification Kobra
21%
Mortal Kombat: Deadly Alliance Mokap
19%
Mortal Kombat : Mystification Dairou
18%
Mortal Kombat: Deadly Alliance Drahmin
17%
Aucun quiz correspondant
Distribution des résultats
% des personnes avec chaque résultat
Percentile par nombre de réponses
Votre historique - résultats
Vous n’avez pas pris ce quiz